000 00541cam a2200145 4500500
005 20260208002441.0
041 _afre
042 _adc
100 1 0 _aMasset, Claude
_eauthor
245 0 0 _aActes de la recherche en sciences sociales, 2009, 179, Pratiques martiales et sports de combat, Paris, Le Seuil, 2009, 180 p., ill.
260 _c2011.
500 _a33
786 0 _nL'Homme | 198-199 | 2 | 2011-07-01 | p. 367u-426u | 0439-4216
856 4 1 _uhttps://shs.cairn.info/revue-l-homme-2011-2-page-367u?lang=fr&redirect-ssocas=7080
999 _c1646417
_d1646417